Central Library OPAC University of Rajshahi

ময়মনসিংহ গীতিকা / (Record no. 54683)

MARC details
000 -LEADER
fixed length control field 00927nam a2200229 a 4500
001 - CONTROL NUMBER
control field 54683
003 - CONTROL NUMBER IDENTIFIER
rucl marc code BD-RjUL
005 - DATE AND TIME OF LATEST TRANSACTION
control field 20211209080144.0
008 - FIXED-LENGTH DATA ELEMENTS--GENERAL INFORMATION
fixed length control field 161108s1982 ii ||||| |||| 00| 0 ben d
035 ## - SYSTEM CONTROL NUMBER
System control number (BD-RjUL)54805
040 ## - CATALOGING SOURCE
Original cataloging agency BD-RjUL
Language of cataloging ben
Transcribing agency BD-RjUL
Modifying agency BD-RjUL
041 ## - LANGUAGE CODE
Language code of text/sound track or separate title ben
082 ## - DEWEY DECIMAL CLASSIFICATION NUMBER
Edition number 23
Classification number 782.42162
Author mark and year MAY 1982
245 00 - TITLE STATEMENT
Title ময়মনসিংহ গীতিকা /
Statement of responsibility, etc. সুখময় মুখপাধ্যায় সম্পাদিত
250 ## - EDITION STATEMENT
Edition statement পরিবর্ধিত ও পরিমার্জিত ২য় সং.
260 ## - PUBLICATION, DISTRIBUTION, ETC. (IMPRINT)
Place of publication, distribution, etc. কলকাতা :
Name of publisher, distributor, etc. ভারতী বুক স্টল,
Date of publication, distribution, etc. ১৯৮২
300 ## - PHYSICAL DESCRIPTION
Pagination xiv, ১৪০ পৃ. ;
Size ২১ সেমি.
650 ## - SUBJECT ADDED ENTRY--TOPICAL TERM
Topical term or geographic name as entry element পল্লীগীতি
9 (RLIN) 117897
Topical term or geographic name as entry element Folk song
9 (RLIN) 121552
700 ## - ADDED ENTRY--PERSONAL NAME
Personal name মুখোপাধ্যায়, সুখময়
Fuller form of name সম্পাদিত
942 ## - ADDED ENTRY ELEMENTS (KOHA)
Source of classification or shelving scheme Dewey Decimal Classification
Koha item type Books
Holdings
Lost status Source of classification or shelving scheme Damaged status Not for loan Collection code Permanent Location Current Location Shelving location Date acquired Source of acquisition Cost, normal purchase price Total Checkouts Full call number Date last seen Copy number Koha item type Date checked out
  Dewey Decimal Classification     Non-fiction Central Library, University of Rajshahi Central Library, University of Rajshahi   08/12/1983 Tulip Enterprise 30.00   B 782.42162 MAY 1982 08/11/2016 C-2 Books  
  Dewey Decimal Classification     Non-fiction Central Library, University of Rajshahi Central Library, University of Rajshahi   08/12/1983 Tulip Enterprise, Dhaka 30.00 2 B 782.42162 MAY 1982 23/02/2025 C-3 Books 30/01/2025
  Dewey Decimal Classification     Non-fiction Central Library, University of Rajshahi Central Library, University of Rajshahi   08/12/1983 Tulip Enterprise, Dhaka 30.00   B 782.42162 MAY 1982 27/11/2016 C-4 Books  
  Dewey Decimal Classification   Not For Loan Non-fiction Central Library, University of Rajshahi Central Library, University of Rajshahi Reading Room 08/12/1983 Tulip Interprais 30.00   B 782.42162 MAY 1982 03/01/2021 C-1 Books